000 00550cam a2200181 4500500
005 20260405001415.0
041 _afre
042 _adc
100 1 0 _aGrimaldi, Nicolas
_eauthor
245 0 0 _aLa Méthode et son programme
260 _c2012.
500 _a37
690 _aDescartes
690 _aNicolas Grimaldi
690 _aSens de la vie
786 0 _nPhilosophie magazine | 65 | 12 | 2012-12-01 | p. 49-49 | 1951-1787
856 4 1 _uhttps://shs.cairn.info/magazine-philosophie-magazine-2012-12-page-49?lang=fr&redirect-ssocas=7080
999 _c2047320
_d2047320